000 00884nam a2200277Ia 4500
003 OSt
005 20221006160032.0
006 a|||||r|||| 00| 0
007 ta
008 221006b |||||||| |||| 00| 0 eng d
020 _a9788952110503
_c
_137
024 _a44,116
037 _bGift, Korean Embassy (Window on Korea)
_cTextual
040 _aEASL
_cEASL
_beng
041 _2eng
_aeng
082 _aW95.495, P9
100 _aJung Yong-Duck Ed.
_9671594
245 0 _aCollaborative governance in the United States and Korea
260 _aSeoul
_bSeoul National University (SNU) Press Korea
_c2009
300 _a288p.
_ccm.
490 _v KEL
650 _akEL
700 _a Mazmanian Daniel A Ed.
_9671595
942 _hW95.495, P9
_cTEXL
_2CC
999 _c1112208
_d1112208